| 000 | 01132nam a2200229Ia 4500 | ||
|---|---|---|---|
| 003 | OSt | ||
| 005 | 20200903113308.0 | ||
| 008 | 191128s1995 ch er 000 p spa d | ||
| 020 | _a9561305347 | ||
| 040 |
_aCO-JMCR _cCO-JMCR |
||
| 041 | _aspa | ||
| 082 | 0 | 4 |
_aT / _bSHAm |
| 100 | 1 |
_aShakespeare, William, _e1564-1616 _99696 |
|
| 245 | 0 |
_aEl mercader de Venecia : _bsueño de una noche de verano : textos completos / _cWilliam Shakespeare ; prólogo de Nelly Donoso ; versión castellana de Guillermo Macpherson |
|
| 250 | _aTercera edición | ||
| 260 |
_aSantiago de Chile : _bAndrés Bello, _c©1995 |
||
| 300 |
_a163 páginas ; _c19 cm. |
||
| 505 | _aEl mercader de Venecia -- Sueño de ua noche de Verano -- La comedia, por Carlos Ilturra -- Guía de trabajo | ||
| 520 | _aEl mercader de Venecia es uns de las comedias más renombradas y valiosas de William Shekespeare, en la que ela utor demuestra tan magnífico comediante como trágico. La acción se desarrolla en dos ejes: la fealdad moral de Shylock y el obstaculizaado amor | ||
| 650 | 1 | 4 |
_aTeatro basado en literatura inglesa _ySiglo XVII _99697 |
| 942 |
_2ddc _cBK |
||
| 999 |
_c4190 _d4190 |
||